OPAC Home

The sixty fourth annual report of the Ceylon Tamil Cooly Mission : The Church Missionary Society,1919 (Record no. 89458)

MARC details
000 -LEADER
fixed length control field 00454nam a2200157Ia 4500
003 - CONTROL NUMBER IDENTIFIER
control field LK-CoDNM
008 - FIXED-LENGTH DATA ELEMENTS--GENERAL INFORMATION
fixed length control field 010623t1918 xxu||||| |||| 00| 1 eng d
040 ## - CATALOGING SOURCE
Original cataloging agency LK-CoDNM
Modifying agency LK-CoDNM
Description conventions LK-CoDNM
041 ## - LANGUAGE CODE
Language code of text/sound track or separate title English
080 ## - UNIVERSAL DECIMAL CLASSIFICATION NUMBER
Universal Decimal Classification number 50
Item number C12
942 ## - ADDED ENTRY ELEMENTS (KOHA)
Koha item type Books
245 ## - TITLE STATEMENT
Title The sixty fourth annual report of the Ceylon Tamil Cooly Mission : The Church Missionary Society,1919
260 ## - PUBLICATION, DISTRIBUTION, ETC. (IMPRINT)
Name of publisher, distributor, etc. Ceylon Observer
Place of publication, distribution, etc. Colombo
Date of publication, distribution, etc. 1918
300 ## - PHYSICAL DESCRIPTION
Other physical details 40P., 20 cm
650 ## - SUBJECT ADDED ENTRY--TOPICAL TERM
Topical term or geographic name as entry element Reports
Holdings
Withdrawn status Lost status Damaged status Not for loan Collection code Permanent Location Current Location Date acquired Full call number Barcode Koha item type
        Old Books Collection Library National Museum Colombo - Sri Lanka Library National Museum Colombo - Sri Lanka 2023-08-02 50 C 12 OB550 21 Books
Copyright © 2023 Department of National Museum, Colombo 07, Sri Lanka Funded by UNESCO IFAP UNESCO